Nuevos cantares y otros poemas /
Alberto Quintero Alvarez (1914-1944), poeta mexicano, originario de Acámbaro, Guanajuato. Fue además argumentista, adaptador de cine y publicista. Perteneció a la generación de las revistas Taller y Taller Poético, en la que se contaban Efraín Huerta, Octavio Paz y Rafael Solana, entre otros. Obra p...
Uloženo v:
| Hlavní autor: | |
|---|---|
| Médium: | Kniha |
| Jazyk: | španělština |
| Vydáno: |
México :
edición de autor,
1942, c1942
|
| Témata: | |
| Tagy: |
Žádné tagy, Buďte první, kdo vytvoří štítek k tomuto záznamu!
|
MARC
| LEADER | 00000nam^a2200000^a^4500 | ||
|---|---|---|---|
| 001 | 000141458 | ||
| 005 | 20250526000000.0 | ||
| 009 | 20260310095615.157 | ||
| 037 | |a Acervo ITESO - Biblioteca | ||
| 041 | |a ESP | ||
| 082 | |a 861. |b QUI | ||
| 100 | |a Quintero Alvarez, Alberto |e (autor) | ||
| 245 | 1 | 0 | |a Nuevos cantares y otros poemas / |c A. Quintero Alvarez. |
| 264 | 4 | |a México : |b edición de autor, |c 1942, c1942 | |
| 300 | |a 106 p. ; |c 18.0 cm. | ||
| 520 | |a Alberto Quintero Alvarez (1914-1944), poeta mexicano, originario de Acámbaro, Guanajuato. Fue además argumentista, adaptador de cine y publicista. Perteneció a la generación de las revistas Taller y Taller Poético, en la que se contaban Efraín Huerta, Octavio Paz y Rafael Solana, entre otros. Obra poética: Saludo de alba (1936) y Nuevos cantares y otros poemas (1942); además en coautoría con Rafael Solana y Jaime Torres Bodet escribió Semblanza del llanto (1936) que apareció en Tres ensayos de amistad lírica para Gracilaso. | ||
| 649 | |a XX | ||
| 650 | |a Poesía Mexicana | ||
| 650 | |a Literatura Mexicana - |y Siglo XX | ||
| 910 | |a Fondo Salvador Reynoso Reynoso | ||
| 920 | |a Impresos - Libros | ||
| 930 | |a Libros Antiguos y Raros | ||
| 940 | |a Literatura | ||
| 905 | |a 108 | ||
| 901 | |a 0800015279 |b IT2 |c LRA |u 20250526 | ||
| 902 | |a https://opac.biblio.iteso.mx/vufind/Record/000141458 | ||